000 00301nam a2200145Ia 4500
100 _aTheraja/Reema
650 _aPRODUCTION
942 _cBK
366 _f20
245 _aProgramming in C
260 _bOXFORD PUBL.
_aNew Delhi
_c2011
082 _a005.13/THE
300 _a550
546 _aENGLISH
999 _c21044
_d21044